[Event "HUN-chT2 9798"]
[Site "HUN"]
[Date "1998.??.??"]
[Round "?"]
[White "Banas, Jan"]
[Black "Bartha, Sandor"]
[Result "1-0"]
[WhiteElo "2420"]
[BlackElo "2265"]

1.c4 c6 2.e4 g6 3.Nc3 Bg7 4.d4 a6 5.a4 b6 6.Nf3 Bb7 7.Be2 d5 8.cxd5 cxd5
9.e5 e6 10.h4 h6 11.Bf4 Ne7 12.b4 Nd7 13.b5 a5 14.Qd3 Ng8 15.h5 g5 16.Bc1 Bf8
17.O-O Rc8 18.Nh2 Bb4 19.Na2 Be7 20.f4 gxf4 21.Qf3 Rh7 22.Bxf4 Rg7 23.Rac1 f5
24.exf6 Bxf6 25.Qe3 Ke7 26.Ng4 Rc4 27.Nxf6 Ngxf6 28.Bxh6 Rg8 29.Bg5 Rxg5
30.Qxg5 Rxd4 31.Nc3 Qh8 32.Rf2 Kd6 33.Rcf1 Ne4 34.Nxe4+ Rxe4 35.h6 Qd4 36.Qg7 Ne5
37.Qf8+ Kd7 38.Bh5 Rh4 39.Qe8+ Kc7 40.h7  1-0

[Event "HUN-chT2 9798"]
[Site "HUN"]
[Date "1998.??.??"]
[Round "?"]
[White "Bordas, Gyula"]
[Black "Horvath, Julia"]
[Result "0-1"]
[WhiteElo "2165"]
[BlackElo "2270"]

1.c4 c6 2.e4 d5 3.exd5 cxd5 4.cxd5 Nf6 5.Nc3 Nxd5 6.Nf3 Nc6 7.d4 e6 8.Bd3 Be7
9.O-O O-O 10.Re1 Nxc3 11.bxc3 b6 12.h4 Bb7 13.Ng5 Bxg5 14.Bxg5 Qd7 15.Bf6 gxf6
16.Qh5 f5 17.Qg5+ Kh8 18.Qf6+ Kg8 19.Re3 Rfc8 20.Rg3+ Kf8 21.Bxf5 Nxd4 22.cxd4 exf5
23.d5 Bxd5 24.Rd1 Qe6 25.Qg7+ Ke7 26.Re3 Be4 27.f3 Rg8 28.Qb2 Rad8 29.Qb4+ Kf6
30.Rf1 Qxa2 31.Qc3+ Ke7 32.Rf2 Rd1+ 33.Re1 Rxe1+ 34.Qxe1 Qb1 35.Re2 Qxe1+
36.Rxe1 Kf6 37.fxe4 Re8 38.Ra1 Rxe4 39.Rxa7 Rxh4  0-1

[Event "HUN-chT2 9798"]
[Site "HUN"]
[Date "1998.??.??"]
[Round "?"]
[White "Kahan, Robert"]
[Black "Peredy, Ferenc"]
[Result "0-1"]
[WhiteElo "2215"]
[BlackElo "2200"]

1.c4 c6 2.g3 d5 3.Bg2 Nf6 4.cxd5 cxd5 5.Nf3 Nc6 6.d4 Bf5 7.O-O e6 8.Nc3 Bd6
9.h3 h6 10.Be3 O-O 11.Rc1 Qe7 12.g4 Bh7 13.g5 hxg5 14.Bxg5 Rac8 15.e3 Qd7
16.Ne1 Na5 17.Nd3 Ne4 18.Nxe4 Bxe4 19.Bxe4 dxe4 20.Nc5 Bxc5 21.dxc5 Qxd1
22.Rfxd1 f6 23.Bh4 Rfd8 24.Bg3 e5 25.Kg2 Kf7 26.Kf1 Ke6 27.Ke2 Rxd1 28.Rxd1 Rxc5
29.f4 Rc2+ 30.Rd2 Rxd2+ 31.Kxd2 Nc4+ 32.Kc3 Nxe3 33.fxe5 fxe5 34.a4 Kd5 35.Be1 Ng2
36.Bg3 Nf4 37.Bf2 a6 38.h4 g6 39.b4 Ng2 40.b5 axb5 41.axb5 e3 42.Bg3  0-1

[Event "HUN-chT2 9798"]
[Site "HUN"]
[Date "1998.??.??"]
[Round "?"]
[White "Pallos, Laszlo"]
[Black "Ondok, Laszlo"]
[Result "1/2-1/2"]
[WhiteElo "2205"]
[BlackElo "2175"]

1.c4 c6 2.g3 d5 3.cxd5 cxd5 4.d4 Nc6 5.Nc3 Nf6 6.Bg2 e6 7.Nf3 Be7 8.O-O O-O
9.Bf4 Bd7 10.Ne5 Qb6 11.Na4 Qd8 12.Nxd7 Nxd7 13.Rc1 Rc8 14.a3 Na5 15.Qd3 Nc6
16.Rfd1 Qa5  1/2-1/2

[Event "HUN-chT9899"]
[Site "HUN"]
[Date "1998.??.??"]
[Round "?"]
[White "Fancsy, Imre"]
[Black "Groszpeter, Attila"]
[Result "1/2-1/2"]
[WhiteElo "2415"]
[BlackElo "2490"]

1.c4 c6 2.d4 d5 3.Nf3 Nf6 4.cxd5 cxd5 5.Nc3 Nc6 6.Bf4 a6 7.h3 Bf5 8.e3 Qb6
9.Qb3 Qxb3 10.axb3 e6 11.Ne5 Rc8 12.Bd3 Nxe5 13.Bxf5 Ng6 14.Bxg6 hxg6 15.Ke2 Bb4
16.Rhc1 Bxc3 17.bxc3 Kd7 18.Kd3 Rc6 19.c4 Rb6 20.Rab1 Rc8  1/2-1/2

[Event "HUN-chT 9798"]
[Site "Hungary"]
[Date "1998.??.??"]
[Round "?"]
[White "Lehoczki, Viktor"]
[Black "Szep, Attila"]
[Result "0-1"]
[WhiteElo "2030"]
[BlackElo "2040"]

1.c4 c6 2.d4 d5 3.Nf3 Bf5 4.Nc3 e6 5.Bf4 Bd6 6.Bg3 Bxg3 7.hxg3 Nd7 8.e3 h6
9.Bd3 Bxd3 10.Qxd3 Ngf6 11.O-O O-O 12.b4 Rc8 13.Rfb1 Qc7 14.c5 e5 15.Qe2 Rfe8
16.Rb3 exd4 17.Nxd4 Qe5 18.Qf3 g6 19.Ra3 a6 20.Rc1 Qg5 21.Qf4 Qh5 22.Qh4 Kg7
23.Qxh5 Nxh5 24.Na4 Nhf6 25.Rac3 Rc7 26.R3c2 Ng4 27.Nb2 Nge5 28.a4 Nf8 29.Nb3 f5
30.Nd4 Kf6 31.Nf3 Nfd7 32.Rc3 h5 33.Nd3 Nc4 34.R1c2 g5 35.Nb2 Nde5 36.Nxe5 Nxe5
37.Nd3 Rce7 38.Nxe5 Rxe5 39.Rb3 Re4 40.Rd2 Rc4 41.f3 a5 42.bxa5 Rxa4 43.Rxb7 Rxa5
44.Rh7 Rxc5 45.Kf2 Kg6 46.Rc7 Re6 47.Rc8 Re7 48.Ra2 Rc3 49.Ra6 Re6 50.Rc7 Rc2+
51.Kg1 Kf6 52.f4 Rxe3 53.Rcxc6+ Rxc6 54.Rxc6+ Re6 55.fxg5+ Ke5 56.Rc1 Rg6
57.Re1+ Kd6 58.Kf2 Rxg5 59.Rd1 Rg4 60.Kf3 h4 61.gxh4 Rxh4 62.g3 Re4 63.Rh1 Ke5
64.Rd1 d4 65.Ra1 Re3+ 66.Kf2 Ke4 67.Ra8 Rf3+ 68.Kg2 Rb3 69.Re8+ Kd3 70.Re5 Kc2
71.Rxf5 d3 72.Rd5 d2 73.Rxd2+ Kxd2  0-1

[Event "HUN-chT 9798"]
[Site "Hungary"]
[Date "1998.??.??"]
[Round "?"]
[White "Kiss, Attila"]
[Black "Emodi, Barnabas"]
[Result "1/2-1/2"]
[WhiteElo "2405"]
[BlackElo "2395"]

1.c4 c6 2.Nf3 Nf6 3.d3 d5 4.Nbd2 Nbd7 5.b3 e5 6.Qc2 Bd6 7.g3 O-O 8.Bg2 Re8
9.e4 Nf8 10.O-O Bg4 11.Bb2 Qd7 12.Rfe1 d4 13.c5 Bc7 14.Nc4 Ng6 15.Bc1 h6
16.Bd2 Bh3 17.Qd1 b5 18.cxb6 axb6 19.a4 b5  1/2-1/2

[Event "ISL-chT 9798"]
[Site "Iceland"]
[Date "1998.??.??"]
[Round "?"]
[White "Fridjonsson, Julius"]
[Black "Halldorsson, Bragi"]
[Result "0-1"]
[WhiteElo "2225"]
[BlackElo "2270"]

1.c4 c6 2.Nf3 d5 3.b3 Bg4 4.d3 Nd7 5.Bb2 f6 6.d4 e6 7.g3 Bd6 8.Bg2 Qe7 9.O-O f5
10.Ne5 Ngf6 11.Qd3 O-O 12.Nd2 Bh5 13.f3 Nxe5 14.dxe5 Bc5+ 15.Kh1 Nd7 16.e4 fxe4
17.fxe4 Bg6 18.Qe2 d4 19.b4 Bxb4 20.Bxd4 Bxd2 21.Qxd2 Rfd8 22.Qb2 c5 23.Be3 Nb8
24.Rad1 Nc6 25.Rd6 Rxd6 26.exd6 Qxd6 27.Qxb7 Rb8 28.Qa6 e5 29.Qa3 Rb4 30.h4 a5
31.Bf3 a4 32.h5 Bf7 33.Be2 h6 34.Qc1 Nd4 35.Bd3 Bxh5 36.Bd2 Rb8 37.Bc3 Ne2
38.Bxe2 Bxe2 39.Re1 Bf3+ 40.Kh2 Qg6 41.Qd2 Bxe4 42.Qe2 Bc6 43.Qxe5 Re8 44.Qf4 Rf8
45.Qe5 Rf2+ 46.Kg1 Rg2+ 47.Kf1 Rxg3 48.Re2 Rf3+ 49.Ke1 Qb1+ 50.Kd2 Rd3+  0-1

[Event "Pan American-chJ"]
[Site "Isla Margarita"]
[Date "1998.??.??"]
[Round "?"]
[White "Vescovi, Giovanni"]
[Black "Moreda, Lucas"]
[Result "1-0"]
[WhiteElo "2480"]
[BlackElo "2305"]

1.c4 c6 2.Nf3 Nf6 3.d4 d5 4.Nc3 a6 5.c5 Bg4 6.Ne5 Bf5 7.f3 Nbd7 8.g4 Bg6
9.h4 Nxe5 10.dxe5 Qc7 11.Bf4 h5 12.Qd4 Nh7 13.e6 Qd8 14.O-O-O fxe6 15.g5 Nf6
16.Bh3 Nd7 17.Bxe6 Qa5 18.Na4 Rd8 19.e4 Bf7 20.exd5 b6 21.Bxf7+ Kxf7 22.g6+ Kg8
23.dxc6 Nxc5 24.Qc4+  1-0

[Event "Heart of Finland op"]
[Site "Jyvaskyla"]
[Date "1998.??.??"]
[Round "?"]
[White "Harjula, Mika"]
[Black "Valkesalmi, Kimmo"]
[Result "0-1"]
[WhiteElo "2190"]
[BlackElo "2375"]

1.c4 c6 2.Nf3 e6 3.g3 d5 4.b3 Nf6 5.Bg2 Be7 6.O-O O-O 7.Bb2 Nbd7 8.d3 b6
9.Nc3 Bb7 10.e3 Rc8 11.Qe2 Qc7 12.Rac1 Qb8 13.Rfd1 Rfe8 14.d4 Bd6 15.Qd3 Rcd8
16.Re1 h6 17.a3 Qa8 18.cxd5 exd5 19.Nd2 Bf8 20.Red1 c5 21.Ne2 a5 22.Qb1 a4
23.dxc5 bxc5 24.Nf4 axb3 25.Nxb3 d4 26.Bxb7 Qxb7 27.Na5 Qf3 28.exd4 Ng4 29.Rf1 cxd4
30.Qd3 Qa8 31.Nc6 Nde5 32.Qb5 Nxc6 33.Qxc6 Qb8 34.Rb1 Ne5 35.Qg2 Qa7 36.Rfd1 Nc4
37.Bc1 Qa4  0-1

[Event "Heart of Finland op"]
[Site "Jyvaskyla"]
[Date "1998.??.??"]
[Round "?"]
[White "Seppanen, Asko"]
[Black "Zapolskis, Antanas"]
[Result "1/2-1/2"]
[WhiteElo "2215"]
[BlackElo "2400"]

1.c4 c6 2.Nf3 d5 3.e3 Nf6 4.d4 a6 5.Nc3 b5 6.cxd5 cxd5 7.Bd3 e6 8.O-O Nbd7
9.a3 Bb7 10.Bd2 Bd6 11.Qe2 Ne4 12.Rfd1 O-O 13.Be1 Qe7 14.Na2 Rfc8 15.Bb4 Bxb4
16.Nxb4 Nb6 17.Nd2 Nxd2 18.Rxd2 a5 19.Na2 b4 20.axb4 axb4 21.b3 Ra3 22.Rb1 e5
23.dxe5 d4 24.exd4 Qg5 25.g3 Nd5 26.h4 Qh6 27.Rc2 Qe6 28.Rxc8+ Qxc8 29.Bc4 Qf5
30.Rc1 Nf4 31.gxf4 Qg6+ 32.Kf1 Qg2+ 33.Ke1 Qh1+ 34.Qf1 Qe4+ 35.Qe2 Qh1+ 36.Qf1 Qe4+
37.Qe2  1/2-1/2

[Event "Kiev-ch"]
[Site "Kiev"]
[Date "1998.??.??"]
[Round "4"]
[White "Taborov, Boris"]
[Black "Perun, Sergey"]
[Result "0-1"]
[WhiteElo "2425"]
[BlackElo "2375"]

1.c4 c6 2.e4 d5 3.exd5 cxd5 4.d4 Nf6 5.Nc3 e6 6.Nf3 Be7 7.cxd5 Nxd5 8.Bd3 Nc6
9.O-O O-O 10.Re1 Bf6 11.Be4 Qd6 12.Nb5 Qd8 13.a3 Nce7 14.Ne5 Nf5 15.Qd3 h6
16.Bd2 a6 17.Nc3 Nxc3 18.Bxc3 Nd6 19.Bf3 Nb5 20.Bd1 Nxc3 21.Bc2 Re8 22.Qh7+ Kf8
23.bxc3 Qc7 24.Re3 b5 25.Ng4 Bb7 26.Nxf6 gxf6 27.Rae1 Bd5 28.Rg3 Ke7 29.Rg7 Rf8
30.Re3 a5 31.Bg6 Kd6 32.Bxf7 Ra7 33.Qxh6 Rxf7 34.Rg8 Rg7 35.Rg3 Rxg8 36.Rxg8 b4
37.Qf8+ Qe7 38.Qb8+ Rc7 39.axb4 axb4 40.Rd8+ Kc6 41.c4 Bxc4 42.Re8 Qf7 43.Rf8 Qh5  0-1

[Event "Kiev-ch"]
[Site "Kiev"]
[Date "1998.??.??"]
[Round "7"]
[White "Oglobilia, Alexander"]
[Black "Semenova, Lidia K"]
[Result "0-1"]
[WhiteElo "2265"]
[BlackElo "2305"]

1.c4 c6 2.Nf3 d5 3.g3 Nf6 4.Bg2 g6 5.cxd5 Nxd5 6.O-O Bg7 7.Nc3 O-O 8.h3 e5
9.Qb3 Na6 10.a3 Nc5 11.Qc2 Ne6 12.d3 Ne7 13.Ne4 b6 14.Neg5 h6 15.Nxe6 Bxe6
16.Bd2 c5 17.Bc3 Nc6 18.Nd2 Qd7 19.Kh2 Rac8 20.Nc4 Nd4 21.Qd1 Bd5 22.Bxd5 Qxd5
23.e4 Qd7 24.Bxd4 Qxd4 25.Qb3 b5 26.Ne3 Kh7 27.Qxb5 Rb8 28.Qc4 Rxb2 29.Rab1 Rd2
30.Kg1 Rxd3 31.Rfd1 Qxc4 32.Nxc4 Rc3 33.Rbc1 Rxc1 34.Rxc1 Rd8 35.Na5 Rc8
36.Nc4 f5 37.exf5 gxf5 38.Nd6 Rc6 39.Nxf5 c4 40.Nxg7 Kxg7 41.Kf1 Kf6 42.Ke2 Ke6
43.Ke3 Kd5 44.Rd1+ Kc5 45.Ke4 c3 46.Kd3 Rd6+ 47.Kc2 Rf6 48.f4 exf4 49.gxf4 Rxf4
50.Rd3 Rc4 51.Rf3 Kd5 52.Rf5+ Ke4 53.Rf6 h5 54.Rh6 Rc5 55.Ra6 Kf4 56.Rxa7 Kg3
57.a4 Kxh3 58.a5 h4 59.a6 Rc6 60.Ra8 Rc4 61.a7 Rc7 62.Kd1 Rg7 63.Ke2 Kg3
64.Ke3 h3 65.Ke2 h2  0-1

[Event "Independence Cup op"]
[Site "Kiev"]
[Date "1998.??.??"]
[Round "11"]
[White "Smachenko, Vasily"]
[Black "Semenova, Lidia K"]
[Result "1/2-1/2"]
[WhiteElo "2150"]
[BlackElo "2305"]

1.c4 c6 2.Nc3 d5 3.cxd5 cxd5 4.d4 e6 5.Nf3 Bd6 6.Bg5 f6 7.Bh4 Ne7 8.Bg3 Nbc6
9.e3 a6 10.Bxd6 Qxd6 11.Be2 O-O 12.O-O b5 13.Rc1 Bd7 14.Nd2 Na5 15.b3 Rfc8
16.Ncb1 Rxc1 17.Qxc1 Rc8 18.Qb2 b4 19.Rc1 Nb7 20.Nf3 a5 21.Ne1 e5 22.Rxc8+ Bxc8
23.dxe5 fxe5 24.Nf3 Nc6 25.Bb5 e4 26.Qc2 Na7 27.Nd4 Qc5 28.Qxc5 Nxc5 29.Bc6 Bb7
30.Bxb7 Nxb7 31.Kf1 Nd6 32.a4 Kf7 33.Nd2 Kf6 34.f3 exf3 35.gxf3 g5 36.Ke2 Nf7
37.h3 Ke5 38.Kd3 Nd6 39.f4+ gxf4 40.N2f3+ Kf6 41.exf4 Ne4 42.Ke3 Nc5 43.Ne5 h5
44.Kf3 Nc8 45.Nec6 Nb7 46.Kg3 Ne7 47.Nxe7 Kxe7 48.Kh4 Kd6 49.Kxh5 Kc5 50.Nf3 d4
51.f5 Kd5 52.f6 Nd6 53.Kg6 Ke4 54.Nxd4 Kxd4 55.h4 Kc3 56.h5 Kxb3 57.h6 Ka2
58.h7 b3 59.h8=Q b2 60.Qh2 Kb3 61.Qg3+ Ka2 62.Qg2 Ka1 63.Qf1+ b1=Q+ 64.Qxb1+ Kxb1
65.f7 Nxf7 66.Kxf7 Kb2 67.Ke6 Kb3 68.Kd5 Kxa4 69.Kc4  1/2-1/2

[Event "Klatovy op-A"]
[Site "Klatovy"]
[Date "1998.??.??"]
[Round "?"]
[White "Beran, Bohumil"]
[Black "Buldrova, Monika"]
[Result "0-1"]
[WhiteElo "2015"]
[BlackElo "1860"]

1.c4 c6 2.Nf3 d5 3.b3 Nf6 4.Bb2 Bf5 5.g3 e6 6.Bg2 Bd6 7.O-O O-O 8.Nh4 Bg4
9.Nf3 Nbd7 10.d3 Qe7 11.Nc3 h6 12.Qd2 Rad8 13.e4 dxe4 14.dxe4 e5 15.Qc2 Rfe8
16.a3 a5 17.h3 Bxf3 18.Bxf3 Nf8 19.Bg2 Ne6 20.Ne2 Nd7 21.Bc3 b6 22.Qb2 Nec5
23.Rfd1 Nf6 24.Qc2 Ne6 25.b4 axb4 26.axb4 c5 27.bxc5 bxc5 28.Ba5 Rb8 29.Nc3 Nd4
30.Qd3 Rb7 31.Nb5 Reb8 32.Rdb1 Qd7 33.Nxd6 Qxd6 34.Rxb7 Rxb7 35.Bc3 Rb3 36.Ra8+ Kh7
37.Qd2 Rxc3 38.Qb2 Rb3 39.Qa2 Qb6 40.Qa4 Rb4 41.Qa3 Rb3 42.Qa4 Qb4 43.Qa6 Qe1+
44.Kh2 Qxf2  0-1

[Event "RUS-Cup"]
[Site "Krasnoiarsk"]
[Date "1998.??.??"]
[Round "2"]
[White "Vaulin, Alexander"]
[Black "Logunov, M."]
[Result "1-0"]
[WhiteElo "2535"]
[BlackElo "2455"]

1.c4 c6 2.e4 e5 3.Nf3 d6 4.d4 Nd7 5.Nc3 Ngf6 6.Be2 Be7 7.O-O O-O 8.d5 Nc5
9.Qc2 cxd5 10.cxd5 Qc7 11.Qb1 Bd7 12.Bd2 Rfc8 13.Rc1 a5 14.b3 Qb6 15.h3 Bd8
16.Be3 h6 17.Nd2 Ne8 18.Nc4 Qa7 19.a4 Bg5 20.Bxg5 hxg5 21.Bg4 Bxg4 22.Nb5 Qa6
23.hxg4 Nd7 24.Qd3 Rc5 25.Rc3 Rac8 26.Rac1 Ndf6 27.f3 Nd7 28.Kh2 Kf8 29.Kg3 Ke7
30.Qe3 f6 31.Ncxd6 Nxd6 32.Rxc5 Qb6 33.Nxd6 Kxd6 34.b4 axb4 35.a5 Qxc5 36.Rxc5 Nxc5
37.Qe2 b3 38.Qb5 Ke7 39.Kf2 Kd6 40.Ke3 Ke7 41.g3 Kd6 42.f4 gxf4+ 43.gxf4 exf4+
44.Kxf4 b2 45.Kf5 Na4 46.Qb4+ Rc5 47.g5 fxg5 48.e5+ Kxd5  1-0

[Event "Ljubljana op"]
[Site "Ljubljana"]
[Date "1998.??.??"]
[Round "4"]
[White "Drazic, Sinisa"]
[Black "Boric, Muhamed"]
[Result "1-0"]
[WhiteElo "2515"]
[BlackElo "2400"]

1.c4 c6 2.e4 d5 3.exd5 cxd5 4.d4 Nf6 5.Nc3 e6 6.Nf3 Bb4 7.Bd3 dxc4 8.Bxc4 Nbd7
9.O-O Nb6 10.Bb3 O-O 11.Ne5 Bd7 12.Qf3 Bc6 13.Nxc6 bxc6 14.Rd1 Nbd5 15.Bg5 Be7
16.Na4 Nd7 17.Bd2 Bd6 18.Rac1 Rc8 19.g3 Qf6 20.Qe2 N7b6 21.Ba5 Qe7 22.Qa6 Nxa4
23.Bxa4 c5 24.Bb3 Nc7 25.Qb7 Rb8 26.Qc6 c4 27.Rxc4 Nd5 28.Rcc1 Nb4 29.Qc4 Nd5
30.Qa4 Nb4 31.a3 Nd5 32.Rc6 Nb6 33.Qb5 Nd7 34.Qd3 Nf6 35.Rdc1 h5 36.R1c2 h4
37.Ba2 h3 38.Qf1  1-0

[Event "Ljubljana op"]
[Site "Ljubljana"]
[Date "1998.??.??"]
[Round "6"]
[White "Tratar, Marko"]
[Black "Sirnik, Bostjan"]
[Result "1-0"]
[WhiteElo "2420"]
[BlackElo "2170"]

1.c4 c6 2.e4 d5 3.exd5 cxd5 4.d4 Nf6 5.Nc3 g6 6.Qb3 Bg7 7.cxd5 O-O 8.Be2 Nbd7
9.Bf3 Nb6 10.Nge2 Bd7 11.d6 exd6 12.Bxb7 Rb8 13.Bf3 Nbd5 14.Qd1 Nb4 15.a3 Qa5
16.Bf4 Nbd5 17.Bd2 Nxc3 18.Bxc3 Qa6 19.O-O Ba4 20.Qd2 Bb3 21.d5 Bxd5 22.Bxf6 Bxf3
23.Bxg7 Bxe2 24.Qh6 d5 25.Bxf8 Rxf8 26.Rfc1 d4 27.Rc5 d3 28.Rac1 Rd8 29.Qg5 Re8
30.Rc6 Qa4 31.Qd2 Qg4 32.h3 Qd4 33.R1c4 Qd5 34.R6c5 Qd6 35.Rc6 Qd5 36.R6c5 Qd6
37.b4 Qf6 38.Rc3 Qd4 39.R5c4 Qd7 40.Rc7 Qd4 41.Rc8 Rxc8 42.Rxc8+ Kg7 43.Rc1 Qe5
44.a4 Qd4 45.Rb1 Kg8 46.Rb2 Qc4 47.Ra2 Bd1 48.Ra3 Bc2 49.Rc3 Qd4 50.Rc8+ Kg7
51.Rxc2  1-0

[Event "Ljubljana op"]
[Site "Ljubljana"]
[Date "1998.??.??"]
[Round "9"]
[White "Ftacnik, Lubomir"]
[Black "Soln, Primoz"]
[Result "1/2-1/2"]
[WhiteElo "2580"]
[BlackElo "2350"]

1.c4 c6 2.e4 d5 3.exd5 cxd5 4.cxd5 Nf6 5.Nc3 a6 6.d4 g6 7.Be2 Bg7 8.Bf3 O-O
9.Nge2 Bg4 10.Bxg4 Nxg4 11.Qb3 b5 12.a4 bxa4 13.Rxa4 Nd7 14.Bf4 Ngf6 15.O-O Nb6
16.Ra5 Nh5 17.Bg5 Nc4 18.Ra4 Nd6 19.Rfa1 h6 20.Bc1 Qc8 21.Qd1 Qb7 22.Qd3 Nf6
23.Ra5 Rfc8 24.h3 Nc4 25.R5a4 Nb6 26.Rxa6 Nfxd5 27.Rxa8 Rxa8 28.Rxa8+ Qxa8
29.Qb5 e6 30.Kh2 Qb8+ 31.g3 Qa8 32.Bd2 Kh7 33.Ne4 Nc7 34.Qd3 Qd5 35.Be3 Nc4
36.Nf4 Qb5 37.b3 Na5 38.Qc3 Nd5 39.Nxd5 Qxd5 40.Nd2 Nc6 41.Qc5 Bxd4 42.Qxd5 exd5
43.Kg2 Bxe3 44.fxe3 Kg7 45.e4 dxe4 46.Nxe4 f5 47.Nf2 Nb4 48.Kf3 Nc2 49.Kg2 Nb4
50.Kf1 Kf6 51.Ke2 Ke5 52.Nd3+ Nxd3 53.Kxd3 g5 54.b4 Kd5 55.h4 gxh4 56.gxh4 f4
57.h5 f3 58.Ke3 Kc4 59.Kxf3 Kxb4 60.Ke4 Kc5  1/2-1/2

[Event "SLO-ch"]
[Site "Maribor"]
[Date "1998.??.??"]
[Round "12"]
[White "Ivacic, Vladimir"]
[Black "Zupe, Miran"]
[Result "0-1"]
[WhiteElo "2295"]
[BlackElo "2410"]

1.c4 c6 2.Nf3 d5 3.cxd5 cxd5 4.d4 Nf6 5.Nc3 Nc6 6.Bf4 Bf5 7.e3 e6 8.Bb5 Nd7
9.Qa4 Rc8 10.O-O a6 11.Bxc6 Rxc6 12.Rac1 Be7 13.a3 O-O 14.Qb3 Qa8 15.Bg5 Bd6
16.Bf4 Be7 17.Bg5 Bxg5 18.Nxg5 h6 19.Nf3 Rfc8 20.Na2 b5 21.Rxc6 Qxc6 22.Nb4 Qc4
23.Qxc4 bxc4 24.Nxa6 c3 25.Rc1 Rc6 26.Rxc3 Rxa6 27.Rc8+ Kh7 28.Rc7 Nf6 29.Ne5 Rb6
30.b4 Ra6 31.Rc3 Ne4 32.Rb3 Nd2 33.b5 Ra5 34.Rb4 Rxa3 35.f3 Ra7 36.b6 Rb7
37.Nc6 Nc4 38.Nd8 Rxb6 39.Rxb6 Nxb6 40.Nxf7 Kg8 41.Nd8 Nc4 42.g4 Bg6 43.Kf2 Bf7
44.e4 Na5 45.Ke3 Kf8 46.exd5 exd5 47.Kf4 Bg8  0-1

[Event "Petrosian mem-J"]
[Site "Moscow"]
[Date "1998.??.??"]
[Round "?"]
[White "Lylov, Igor"]
[Black "Maitesian, Sergei"]
[Result "0-1"]
[WhiteElo "2130"]
[BlackElo "2175"]

1.c4 c6 2.Nc3 Nf6 3.e4 e5 4.Nf3 d6 5.d4 Nbd7 6.Bg5 Be7 7.Qd2 O-O 8.O-O-O a6
9.h3 b5 10.d5 b4 11.Na4 Nxe4 12.Bxe7 Qxe7 13.Qc2 cxd5 14.Kb1 Bb7 15.Bd3 Nef6
16.cxd5 Rfc8 17.Qb3 Bxd5 18.Qxb4 e4 19.Rhe1 Qf8 20.Bxe4 Rc4 21.Qxc4 Bxc4
22.Bxa8 Qxa8 23.Rxd6 h6 24.Red1 Qe4+ 25.Ka1 Qc2 26.Nc3 Qxf2 27.Rc6 Qxg2 28.Rc8+ Kh7
29.Nh4 Qxh3 30.Rxc4 g5 31.Ra4 gxh4 32.Rxa6 Qf3 33.Rad6 h3 34.R6d3 Qh5 35.Rh1 h2
36.Rd2 Ng4 37.Rxd7 Nf2 38.Rxf7+ Qxf7 39.Rxh2 Ng4 40.Rd2 h5 41.a4 h4 42.Rd4 Qe6
43.Nd5 h3 44.Rxg4 Qe1+ 45.Ka2 Kh6 46.Rg8 Qe5 47.Nf4 h2 48.Rg3 h1=Q 49.Rh3+ Qxh3
50.Nxh3 Qe6+ 51.Ka3 Qxh3+ 52.Kb4 Kg6 53.a5 Kf6  0-1

[Event "RUS-Cup02"]
[Site "Moscow"]
[Date "1998.??.??"]
[Round "2"]
[White "Belikov, Vladimir"]
[Black "Filipenko, Alexander V"]
[Result "1-0"]
[WhiteElo "2520"]
[BlackElo "2365"]

1.c4 c6 2.e4 d5 3.exd5 cxd5 4.cxd5 Nf6 5.Nc3 Nxd5 6.Nf3 Nc6 7.Bb5 e6 8.O-O Be7
9.d4 O-O 10.Re1 Nxc3 11.bxc3 Bd7 12.Qe2 Re8 13.Bd3 Rc8 14.h4 Qa5 15.Rb1 Qxc3
16.Rxb7 Red8 17.d5 exd5 18.Bb2 Qa5 19.Rc1 Rb8 20.Rxd7 Rxd7 21.Rxc6 Qxa2 22.Rc2 Qb3
23.Ne5 Rdb7 24.Nc6 Re8 25.Nxe7+ Kf8 26.Nf5  1-0

[Event "Moscow-ch op"]
[Site "Moscow"]
[Date "1998.??.??"]
[Round "4"]
[White "Mitenkov, Alexey"]
[Black "Dragomarezkij, Evgeni"]
[Result "1/2-1/2"]
[WhiteElo "2435"]
[BlackElo "2490"]

1.c4 c6 2.d4 d5 3.Nf3 Nf6 4.Nc3 e6 5.Bg5 Nbd7 6.cxd5 cxd5 7.e3 Be7 8.Bd3 O-O
9.O-O Ne8 10.Bxe7 Qxe7 11.Rc1 Ndf6 12.Qb3 Nd6 13.Nb5 Bd7 14.Nxd6 Qxd6 15.Ne5 Bc6
16.Rc3 Rfc8 17.Rfc1 g6 18.h3 Nd7 19.Nxc6 bxc6 20.Qa4 Nb6 21.Qc2 e5 22.dxe5 Qxe5
23.Ba6 Rc7 24.b3 d4 25.exd4 Qa5 26.Bc4 Rd8 27.Rd1 Rcd7 28.Rcd3 Qb4 29.Qd2 a5
30.Qxb4 axb4 31.R3d2 Nxc4 32.bxc4 Ra8 33.Rb1 c5 34.d5 Kf8 35.d6 Ra6 36.Rbd1 Ke8
37.Rd5 Rc6 38.Kh2 Ra7 39.Re1+ Kd8 40.Re2 Rd7 41.Red2 Ra7 42.Re5 Rd7 43.Kg3 Rcxd6
44.Rxd6 Rxd6 45.Rxc5 Rd3+ 46.f3 Rc3 47.Ra5  1/2-1/2

[Event "RUS-Cup02"]
[Site "Moscow"]
[Date "1998.??.??"]
[Round "7"]
[White "Razuvaev, Yuri S"]
[Black "Guliev, Sarhan"]
[Result "1/2-1/2"]
[WhiteElo "2555"]
[BlackElo "2445"]

1.c4 c6 2.d4 d5 3.Nf3 e6 4.Qc2 f5 5.Bf4 Nf6 6.e3 Be7 7.h3 O-O 8.Be2 Ne4 9.Nc3 Nd7
10.O-O g5 11.Bh2 Ndf6 12.Ne5 Bd7 13.f3 Nxc3 14.bxc3 Be8 15.a4 b6 16.g4 fxg4
17.hxg4 c5 18.Bd3 Rc8 19.Bg3 Bd6 20.Qh2 Rc7 21.Qd2 cxd4 22.exd4 dxc4 23.Bc2 Nd5
24.Rae1 Qf6 25.Rf2 a6 26.Rh2 b5 27.axb5 axb5 28.Be4 b4 29.Bxd5 exd5 30.cxb4 Rb7
31.Rf1 Rxb4 32.Qa2 Ra4 33.Qb1 Ra7 34.Ra2 Qg7 35.Rff2 Qc7 36.Rxa7 Qxa7 37.Nc6 Qc7
38.Bxd6 Qxd6 39.Ne5 Rf4 40.Rb2 Rxd4 41.Rb7 Bg6 42.Rb8+ Kg7 43.Rb7+ Kh6  1/2-1/2

[Event "RUS-Cup02"]
[Site "Moscow"]
[Date "1998.??.??"]
[Round "9"]
[White "Vaulin, Alexander"]
[Black "Drogoon, A."]
[Result "1-0"]
[WhiteElo "2535"]
[BlackElo "2360"]

1.c4 c6 2.e4 d5 3.cxd5 cxd5 4.exd5 Nf6 5.Bb5+ Nbd7 6.Nc3 a6 7.Qa4 g6 8.Nf3 Bg7
9.O-O O-O 10.Bxd7 Qxd7 11.Qxd7 Bxd7 12.Re1 Rfe8 13.d4 Rad8 14.Bg5 h6 15.Bxf6 exf6
16.h3 Bf8 17.a3 Kg7 18.Rxe8 Bxe8 19.Nd2 Rc8 20.Kf1 Bd7 21.Ke2 h5 22.Kd3 Bf5+
23.Nde4 h4 24.f3 Rd8 25.Rc1 g5 26.Ke2 Re8 27.Kf2 Kg6 28.Ne2 Bxe4 29.fxe4 Rxe4
30.Rc7 Bd6 31.Rxb7 Bg3+ 32.Kf3 f5 33.Rb6+ Kh5 34.d6 Re8 35.Nxg3+ hxg3 36.d7 Rd8
37.Rd6 f6 38.Kxg3 Kg6 39.Kf3 Kf7 40.Rxa6 Rxd7 41.Ke3 Re7+ 42.Kf2 Rc7 43.Rb6 Rc2+
44.Kf3 Rd2 45.Rb4 g4+ 46.hxg4 fxg4+ 47.Kxg4 Rxg2+ 48.Kf5 Rf2+ 49.Ke4 Re2+
50.Kf3 Re1 51.a4 Ra1 52.b3 Kg6 53.d5 Kf5 54.Rd4 Ke5 55.d6  1-0

[Event "Goldberg mem"]
[Site "Moscow"]
[Date "1998.??.??"]
[Round "10"]
[White "Nalbandian, Tigran"]
[Black "Belikov, Vladimir"]
[Result "1/2-1/2"]
[WhiteElo "2440"]
[BlackElo "2520"]

1.c4 c6 2.e4 e5 3.Nf3 Qf6 4.d4 exd4 5.Qxd4 Qxd4 6.Nxd4 Bb4+ 7.Bd2 Bxd2+ 8.Nxd2 d6
9.O-O-O Ne7 10.g3 Na6 11.Bg2 Bg4 12.f3 Bd7 13.Rhe1 O-O-O 14.a3 Rhe8 15.f4 Nc5
16.Kc2 Bg4 17.N2f3 Ne6 18.b4 Nxd4+ 19.Rxd4 Bxf3 20.Bxf3 Kc7 21.Kc3  1/2-1/2

[Event "EU-ch U16"]
[Site "Murek"]
[Date "1998.??.??"]
[Round "1"]
[White "Loetscher, Roland"]
[Black "Mastrovasilis, Dimitrios"]
[Result "0-1"]
[WhiteElo "2080"]
[BlackElo "2280"]

1.c4 c6 2.Nf3 d5 3.d4 Nf6 4.Nc3 a6 5.g3 dxc4 6.Bg2 b5 7.Ne5 Bb7 8.a4 e6 9.O-O Nd5
10.Qc2 Be7 11.Rd1 O-O 12.Be4 f5 13.Bg2 Nd7 14.Bf4 N7f6 15.Rac1 Rc8 16.f3 c5
17.axb5 cxd4 18.bxa6 Bxa6 19.Na4 Nxf4 20.gxf4 d3  0-1

[Event "CERA Bank op"]
[Site "NED"]
[Date "1998.??.??"]
[Round "?"]
[White "Lamprecht, Mark"]
[Black "Borst, Johan"]
[Result "0-1"]
[WhiteElo "2165"]
[BlackElo "2275"]

1.c4 c6 2.Nc3 d5 3.e3 g6 4.d4 Bg7 5.Nf3 Nf6 6.Be2 O-O 7.O-O e6 8.Rb1 b6 9.Qc2 Bb7
10.Rd1 Nbd7 11.b4 Re8 12.e4 dxe4 13.Nxe4 Nxe4 14.Qxe4 Qc8 15.Qh4 a5 16.Ng5 Nf6
17.bxa5 Rxa5 18.Rxb6 c5 19.dxc5 h6 20.Nf3 Rxa2 21.Bb2 g5 22.Qd4 Nh5 23.Ne5 Nf4
24.Bf1 Bxg2 25.Qd6 Bxf1 26.Kxf1 f6 27.Nd7 Qa8 28.c6 Qa5 29.Rc1 e5 30.Nxf6+ Bxf6
31.Qxf6 Rxb2 32.Rxb2 Qa3 33.Rcb1 Qd3+ 34.Kg1 Qf3 35.Qxf4 exf4 36.c7 Qg4+
37.Kh1 f3 38.Rg1 Qxg1+  0-1

[Event "CERA Bank op"]
[Site "NED"]
[Date "1998.??.??"]
[Round "?"]
[White "Bischoff, Klaus"]
[Black "Bagirov, Vladimir"]
[Result "1-0"]
[WhiteElo "2545"]
[BlackElo "2460"]

1.c4 c6 2.Nf3 d5 3.e3 Nf6 4.Nc3 Bg4 5.cxd5 Bxf3 6.Qxf3 cxd5 7.Bb5+ Nc6 8.Bxc6+ bxc6
9.b3 e6 10.Bb2 Be7 11.O-O O-O 12.Rac1 Qa5 13.Rc2 Rfc8 14.Na4 c5 15.Rfc1 Nd7
16.Qe2 a6 17.d3 Qb5 18.g3 f5 19.e4 fxe4 20.Qg4 Bf6 21.Bxf6 Nxf6 22.Qxe6+ Kh8
23.dxe4 Re8 24.Qd6 dxe4 25.Qxc5 h6 26.Qxb5 axb5 27.Nc3 b4 28.Nd1 Ng4 29.Re2 Nf6
30.Ne3 Re7 31.Rc4 Rb7 32.Rd2 Kh7 33.Kg2 Ra5 34.h3 h5 35.Rcd4 Kg6 36.Nd5 Nxd5
37.Rxd5 Rba7 38.R5d4 Kf5 39.Rxb4 Rxa2 40.Rd5+ Kg6 41.Rxe4 Rb2 42.Re6+ Kf7
43.Re3 g6 44.Rf3+ Kg7 45.Rb5 Ra6 46.h4 Ra7 47.Rb6 Kh7 48.Rf4 Rd7 49.b4 Rg7
50.Rff6 Kh6 51.Rb8 Kh7 52.b5 Rd7 53.b6 Kg7 54.Rf4 Re7 55.Rf3 Rb1 56.Rc3 Rf7
57.Rc7 Rb2 58.Rxf7+ Kxf7 59.b7  1-0

[Event "Nereto op"]
[Site "Nereto"]
[Date "1998.??.??"]
[Round "?"]
[White "Contin, Daniel"]
[Black "Sansonetti, Giorgio"]
[Result "1-0"]
[WhiteElo "2300"]
[BlackElo "2195"]

1.c4 c6 2.e4 d5 3.exd5 cxd5 4.d4 Nf6 5.Nc3 e6 6.Nf3 Nc6 7.Bg5 Be7 8.Rc1 O-O
9.c5 Ne4 10.Bxe7 Qxe7 11.Be2 Rd8 12.O-O Nxc3 13.Rxc3 e5 14.Nxe5 Nxe5 15.Re3 Be6
16.Rxe5 b6 17.b4 a5 18.a3 axb4 19.axb4 bxc5 20.bxc5 Qd7 21.Bd3 Ra4 22.f4 Bg4
23.c6 Qa7 24.Bxh7+ Kxh7 25.Qxg4 Qxd4+ 26.Kh1 Qb6 27.Qh4+ Kg8 28.Rh5 f6 29.Rh8+ Kf7
30.Qh5+ Ke7 31.Qg6 Rxh8 32.Qxg7+ Kd6 33.Qxf6+ Kc5 34.Qxh8 Rxf4 35.Qc3+ Kd6
36.Qg3  1-0